Normal view
MARC view
Entry Topical Term
001 - CONTROL NUMBER
- control field: 11163
003 - CONTROL NUMBER IDENTIFIER
- control field: OSt
005 - DATE AND TIME OF LATEST TRANSACTION
- control field: 20161007191949.0
008 - FIXED-LENGTH DATA ELEMENTS
- fixed length control field: 161007|| aca||aabn | a|a d
040 ## - CATALOGING SOURCE
- Original cataloging agency: OSt
- Transcribing agency: OSt
150 ## - HEADING--TOPICAL TERM
- Topical term or geographic name entry element: Cerebral Palsy-children
670 ## - SOURCE DATA FOUND
- Source citation: Work cat.: (OSt): Martin, Sieglinde 11162, Taching Motor skills to Children with Cerebral Palsy and similar movement disorder: a guide for parents and professionals
